All Time Leader in Offensive Rebounds in Every Season in First Round - Statistics

General Stats
  • This quiz has been taken 3 times
  • The average score is 8 of 22
Answer Stats
Season Year Offensive Rebounds Answer % Correct
18th 2025 Western Conference First Round 13 LeBron James
100%
5th 1991 Eastern Conference First Round 32 Dennis Rodman
67%
11th 1998 Eastern Conference First Round 23 Dennis Rodman
67%
14th 1999 Western Conference First Round 20 Karl Malone
67%
19th 2004 Western Conference First Round 9 Karl Malone
67%
10th 2003 Western Conference First Round 29 Shaquille O’Neal
67%
13th 2006 Eastern Conference First Round 22 Shaquille O’Neal
67%
15th 2008 Western Conference First Round 13 Shaquille O’Neal
67%
2013 Eastern Conference First Round Brook Lopez
33%
9th 2016 Western Conference First Round 26 Dwight Howard
33%
Rookie 1985 Western Conference First Round 33 Hakeem Olajuwon
33%
8th 1993 Western Conference First Round 26 Hakeem Olajuwon
33%
4th 2023 Western Conference First Round 37 Kevon Looney
33%
1st 2023 Eastern Conference First Round 29 Mitchell Robinson
33%
2nd 2003 Eastern Conference First Round 42 Ben Wallace
0%
12th 2005 Eastern Conference First Round 21 Dale Davis
0%
3rd 2016 Eastern Conference First Round 35 Jonas Valančiūnas
0%
7th 2022 Western Conference First Round 33 Jonas Valančiūnas
0%
6th 2020 Western Conference First Round 34 Steven Adams
0%
16th 2014 Western Conference First Round 20 Tim Duncan
0%
17th 2015 Western Conference First Round 19 Tim Duncan
0%
2005 Eastern Conference First Round Tyson Chandler
0%
No matching quizzes found
Score Distribution
Percent of People with Each Score
Percentile by Number Answered
Your Score History
You have not taken this quiz